Statistics for Most Asian Capitals You Can Name in 1.5 Minutes

Click here to take the quiz!

General Stats

  • This quiz has been taken 4,042 times
    (4,037 since last reset)
  • The average score is 24 of 48

Answer Stats

Asian Capital% Correct
Beijing
88%
Tokyo
87%
Seoul
76%
New Delhi
76%
Jakarta
67%
Bangkok
65%
Pyongyang
65%
Hanoi
63%
Islamabad
62%
Tehran
61%
Singapore
60%
Jerusalem
60%
Manila
59%
Baghdad
58%
Riyadh
57%
Kuala Lumpur
57%
Kabul
55%
Astana
52%
Taipei
52%
Beirut
50%
Damascus
50%
Amman
50%
Ankara
50%
Dhaka
49%
Doha
48%
Muscat
47%
Tashkent
47%
Baku
47%
Sanaa
46%
Abu Dhabi
46%
Ulaanbaatar
45%
Bishkek
44%
Kathmandu
43%
Dili
43%
Yerevan
42%
Vientiane
42%
Phnom Penh
39%
Kuwait City
39%
Ashgabat
37%
Dushanbe
37%
Manama
37%
Tbilisi
36%
Male
32%
Thimphu
31%
Nicosia
30%
Colombo
28%
Yangon or Naypyidaw
28%
Bandar Seri Begawan
20%

Score Distribution

Percentile by Number Answered

Percent of People with Each Score

Your Score History

You have not taken this quiz since the last reset